000 00684nam a2200289Ia 4500
005 20260324142900.0
008 008 260324s9999 xx 000 0 eng d
020 _a9781315160467
037 _aEBOOK
040 _aCRL
040 _beng
040 _cCRL
041 _2eng
041 _aeng
084 _qCRL
100 _aChristine J. Howe
_91213578
245 0 _aLanguage Learning
245 2 _bA Special Case for Developmental Psychology?
260 _bTaylor and Francis
260 _c1993
365 _a
365 _b205
856 _uhttp://www.taylorfrancis.com/books/9781315160467
942 _cEBOOK
999 _c1818316
_d1818316